Catálogo público

Empacadora de limón, San Jorge, S. A. de C. V. / (Record no. 176716)

MARC details
000 -CABECERA
campo de control de longitud fija 01995nam a2200397Ia 4500
001 - NÚMERO DE CONTROL
campo de control dia_5703
003 - IDENTIFICADOR DEL NÚMERO DE CONTROL
campo de control CHAP
005 - FECHA Y HORA DE LA ÚLTIMA TRANSACCIÓN
campo de control 20240619134658.0
007 - CAMPO FIJO DE DESCRIPCIÓN FÍSICA--INFORMACIÓN GENERAL
campo de control de longitud fija ta
008 - DATOS DE LONGITUD FIJA--INFORMACIÓN GENERAL
campo de control de longitud fija 220117s2008 mx abdofr 001 0 spa d
010 ## - NÚMERO DE CONTROL DE LA BIBLIOTECA DEL CONGRESO
Número de control de LC 176716
040 ## - FUENTE DE LA CATALOGACIÓN
Centro/agencia transcriptor CHAP
Centro catalogador/agencia de origen mxchpua
Normas de descripción rda
090 ## - LOCALMENTE ASIGNADO TIPO-LC NÚMERO DE CLASIFICACIÓN (OCLC); NÚMERO DE CLASIFICACIÓN LOCAL (RLIN)
Número de clasificación (OCLC) (R) ; Numero de clasificación, CALL (RLIN) (NR) T.C.455 P47 EIUPA 2008
245 10 - MENCIÓN DE TÍTULO
Título Empacadora de limón, San Jorge, S. A. de C. V. /
Mención de responsabilidad, etc. coordinador Juan Pérez Barrón ; colaboradores Víctor Cruz Méndez...[et al.]
260 ## - PUBLICACIÓN, DISTRIBUCIÓN, ETC.
Lugar de publicación, distribución, etc. México :
Nombre del editor, distribuidor, etc. El autor,
Fecha de publicación, distribución, etc. 2008
300 ## - DESCRIPCIÓN FÍSICA
Extensión 60 hojas :
Otras características físicas ilustraciones, mapas, gráficas, diagramas, tablas, fotos +
Material acompañante/anejo 1 CD-ROM
500 ## - NOTA GENERAL
Nota general 7° año Grupo 2 --<br/>El disco contiene el reporte y planos.
502 ## - NOTA DE TESIS
Nota de tesis Viaje de Estudios
Tipo de título (EIUPA) --
Nombre de la institución que otorga el título UACh. Departamento de Ingeniería Agroindustrial,
Año de obtención del título 2008
505 ## - NOTA DE CONTENIDO CON FORMATO
Nota de contenido con formato 2 planos -- <br/>1. Croquis de localización de la empacadora San Jorge, S. A. de C. V. --<br/>2. Distribución en planta de la empacadora San Jorge, S. A. de C. V.
650 13 - PUNTO DE ACCESO ADICIONAL DE MATERIA--TÉRMINO DE MATERIA
Término de materia o nombre geográfico como elemento de entrada Limones
9 (RLIN) 148302
Fuente del encabezamiento o término atg
650 13 - PUNTO DE ACCESO ADICIONAL DE MATERIA--TÉRMINO DE MATERIA
Término de materia o nombre geográfico como elemento de entrada Cítricos
9 (RLIN) 24392
Fuente del encabezamiento o término atg
650 13 - PUNTO DE ACCESO ADICIONAL DE MATERIA--TÉRMINO DE MATERIA
Término de materia o nombre geográfico como elemento de entrada Envasado de alimentos
9 (RLIN) 147758
Fuente del encabezamiento o término atg
650 13 - PUNTO DE ACCESO ADICIONAL DE MATERIA--TÉRMINO DE MATERIA
Término de materia o nombre geográfico como elemento de entrada Citrus fruits
9 (RLIN) 152026
Fuente del encabezamiento o término atg
650 13 - PUNTO DE ACCESO ADICIONAL DE MATERIA--TÉRMINO DE MATERIA
Término de materia o nombre geográfico como elemento de entrada Food packing
9 (RLIN) 148074
Fuente del encabezamiento o término atg
650 13 - PUNTO DE ACCESO ADICIONAL DE MATERIA--TÉRMINO DE MATERIA
Término de materia o nombre geográfico como elemento de entrada Lemons
9 (RLIN) 148301
Fuente del encabezamiento o término atg
700 1# - PUNTO DE ACCESO ADICIONAL--NOMBRE DE PERSONA
Nombre de persona Pérez Barrón, Juan
9 (RLIN) 148338
Término indicativo de función/relación coordinador
700 1# - PUNTO DE ACCESO ADICIONAL--NOMBRE DE PERSONA
Nombre de persona Cruz Méndez, Víctor
9 (RLIN) 159386
Término indicativo de función/relación colaborador
856 41 - LOCALIZACIÓN Y ACCESO ELECTRÓNICOS
Identificador Uniforme del Recurso <a href="http://10.13.5.2/ve/TC455EIUPA/TC455EIUPA2008-PLANO-DISTRIBUCIONENPLANTADELAEMPACADORASANJORGE.pdf">http://10.13.5.2/ve/TC455EIUPA/TC455EIUPA2008-PLANO-DISTRIBUCIONENPLANTADELAEMPACADORASANJORGE.pdf</a>
Texto de enlace DESCARGAR PLANO DISTRIBUCION EN PLANTA
856 41 - LOCALIZACIÓN Y ACCESO ELECTRÓNICOS
Identificador Uniforme del Recurso <a href="http://10.13.5.2/ve/TC455EIUPA/TC455EIUPA2008-PLANO-CROQUISDELAEMPACADORA.pdf">http://10.13.5.2/ve/TC455EIUPA/TC455EIUPA2008-PLANO-CROQUISDELAEMPACADORA.pdf</a>
Texto de enlace DESCARGAR PLANO CROQUIS
856 41 - LOCALIZACIÓN Y ACCESO ELECTRÓNICOS
Identificador Uniforme del Recurso <a href="http://10.13.5.2/ve/TC455EIUPA/TC455EIUPA2008-PLANO-CROQUISDELOCALIZACIONEMPACADORASANGEORGE.pdf">http://10.13.5.2/ve/TC455EIUPA/TC455EIUPA2008-PLANO-CROQUISDELOCALIZACIONEMPACADORASANGEORGE.pdf</a>
Texto de enlace DESCARGAR PLANO CROQUIS DE LOCALIZACION
856 41 - LOCALIZACIÓN Y ACCESO ELECTRÓNICOS
Identificador Uniforme del Recurso <a href="http://10.13.5.2/ve/TC455EIUPA/TC455EIUPA2008-REPORTE.pdf">http://10.13.5.2/ve/TC455EIUPA/TC455EIUPA2008-REPORTE.pdf</a>
Texto de enlace DESCARGAR REPORTE
901 ## - ELEMENTOS DE DATOS A LOCAL LDA (RLIN)
a T.C.455 P47 EIUPA 2008
902 ## - ELEMENTOS DE DATOS B LOCAL, LDB (RLIN)
a M
905 ## - ELEMENTOS DE DATOS E LOCAL, LDE (RLIN)
a 5232272008 mx edml8223123322spa16
942 ## - ELEMENTOS DE PUNTO DE ACCESO ADICIONAL (KOHA)
Tipo de ítem Koha Viaje de Estudios
Fuente del sistema de clasificación o colocación Clasificación Universidad Autónoma de Chapingo
Holdings
Estado de retiro Estado de pérdida Fuente del sistema de clasificación o colocación Estado dañado Restricciones de uso No para préstamo Código de colección Localización permanente Ubicación/localización actual Fecha de adquisición Fuente de adquisición Total de préstamos Signatura topográfica completa Código de barras Fecha visto por última vez Número de copia Precio válido a partir de Tipo de ítem Koha Ubicación en estantería
    Clasificación Universidad Autónoma de Chapingo   Préstamo interno   Viajes de Estudio Ingenieria Agroindustrial Ingenieria Agroindustrial 18/01/2022 El autor   T.C.455 P47 EIUPA 2008 1106008658 18/01/2022 Ej. 2 18/01/2022 CD  
    Clasificación Universidad Autónoma de Chapingo   Préstamo interno   Viajes de Estudio Ingenieria Agroindustrial Ingenieria Agroindustrial 18/01/2022 El autor   T.C.455 P47 EIUPA 2008 1106008640 26/01/2026 Ej. 1 18/01/2022 Viaje de Estudios  
    Clasificación Universidad Autónoma de Chapingo       Viajes de estudio - En línea Ingenieria Agroindustrial Ingenieria Agroindustrial 19/06/2024 EL autor   T.C.455 P47 EIUPA 2008 1206008640 19/06/2024   19/06/2024 Viajes de Estudio - En línea En línea